Statistics for 2023 Rugby World Cup Stadiums

Click here to take the quiz!

General Stats

  • This quiz has been taken 8 times
  • The average score is 2 of 9

Answer Stats

CapacityStadium% Correct
80,023Stade de France
100%
42,060Stade de Bordeaux
14%
35,520Stade de la Beaujoire
14%
35,983Stade de Nice
14%
50,096Stade Pierre Mauroy
14%
58,883OL Stadium
0%
33,103Stade de Toulouse
0%
41,965Stade Geoffery Guichard
0%
67,847Stade Veldrome
0%

Score Distribution

Percentile by Number Answered

Percent of People with Each Score

Your Score History

You have not taken this quiz